| 000 | 01023cad a22002055a 4500 | ||
|---|---|---|---|
| 001 | E153916 | ||
| 008 | 110920s2011 xxk f 000 0 eng d | ||
| 020 | _a9781907916335 | ||
| 035 | _a(Sirsi) u153916 | ||
| 041 | 0 | _aeng | |
| 110 | 2 |
_aAudit Scotland _93963 |
|
| 245 | 0 | 0 |
_aModernising the planning system _h[electronic resource] |
| 260 |
_aEdinburgh _bAudit Scotland _c2011 |
||
| 520 | _aA performance audit carried out to assess the effectiveness of recent planning reforms, to see whether they are making the system more efficient and cost effective. Also looks at public sector progress in implementing the changes, and the effect of the changes on the assessment of planning applications by local authorities. | ||
| 590 | _aKA NTK | ||
| 651 | 4 |
_aScotland _y1999- |
|
| 690 | _aENVIRONMENTAL AND LAND CONSULTANCY-PLANNING AND DEVELOPMENT | ||
| 856 | 4 | 0 |
_uhttps://www.audit-scotland.gov.uk/docs/central/2011/nr_110915_modernising_planning.pdf _zView the report free of charge at www.audit-scotland.gov.uk |
| 942 | _n0 | ||
| 999 |
_c112764 _d112764 |
||